The taxonomy and distribution of laternfisches family Myctophidae of the eastern Pacific Ocean
Spremljeno u:
| Glavni autor: | |
|---|---|
| Format: | Knjiga |
| Jezik: | engleski |
| Izdano: |
Saint Louis
Navy Ocean Research and Development Activity
1974
|
| Teme: | |
| Oznake: |
Dodaj oznaku
Bez oznaka, Budi prvi tko označuje ovaj zapis!
|
MARC
| LEADER | 00000nam a2200000 a 4500 | ||
|---|---|---|---|
| 001 | UCV5500 | ||
| 003 | CL-VaPUC | ||
| 008 | 930719e19740000US |||||||||||||||||eng|d | ||
| 082 | 0 | 4 | |a 597.05 |b WIS |2 21 |
| 100 | 0 | |a Wisner, Robert L |e author |9 299837 | |
| 245 | 1 | 4 | |a The taxonomy and distribution of laternfisches family Myctophidae of the eastern Pacific Ocean |
| 300 | |a 229 p | ||
| 942 | |c BK | ||
| 945 | |d 19930719 00:00:00 | ||
| 260 | |a Saint Louis |b Navy Ocean Research and Development Activity |c 1974 | ||
| 650 | 7 | |a POBLACION DE PECES |2 CL-VaPUC |9 261161 | |
| 650 | 7 | |a PECES DISTRIBUCION GEOGRAFICA |2 CL-VaPUC |9 261494 | |
| 650 | 7 | |a PECES IDENTIFICACION |2 CL-VaPUC |9 261269 | |
| 583 | |a last modification |c 20120516 11:12:07 |k Rodrigo Vera | ||
| 999 | |c 212014 |d 212012 | ||
| 952 | |0 0 |1 0 |2 ddc |4 0 |6 597_050000000000000_WIS_1974 |7 0 |8 CCM |9 192292 |a BIBCUR |b BIBCUR |c PAC |d 2019-11-14 |i 2596628 |o 597.05 WIS 1974 |p 2596628 |r 2025-04-22 |w 2019-11-14 |y BK |k CIM | ||